Towards a national brownfield strategy (Record no. 103293)
[ view plain ]
| 000 -LEADER | |
|---|---|
| fixed length control field | 01274cam a2200217 4500 |
| 001 - CONTROL NUMBER | |
| control field | J124840 |
| 008 - FIXED-LENGTH DATA ELEMENTS--GENERAL INFORMATION | |
| fixed length control field | 111205n2003 000 0 eng u |
| 035 ## - SYSTEM CONTROL NUMBER | |
| System control number | (Sirsi) u124840 |
| 041 ## - LANGUAGE CODE | |
| Language code of text/sound track or separate title | eng |
| 050 ## - LIBRARY OF CONGRESS CALL NUMBER | |
| Classification number | 333.7. |
| -- | 18 |
| 110 ## - MAIN ENTRY--CORPORATE NAME | |
| Corporate name or jurisdiction name as entry element | English Partnerships |
| 9 (RLIN) | 1764 |
| 245 ## - TITLE STATEMENT | |
| Title | Towards a national brownfield strategy |
| 260 ## - PUBLICATION, DISTRIBUTION, ETC. | |
| Place of publication, distribution, etc. | London |
| Name of publisher, distributor, etc. | English Partnerships |
| Date of publication, distribution, etc. | 2003 |
| 520 ## - SUMMARY, ETC. | |
| Summary, etc. | A comprehensive study undertaken to assess the amount of brownfield land in England. The study found that nearly a third of the 66 000 hectares of brownfield land identified on the National Land Use Database (NLUD) could readily become available for development. This would be a major contribution to government targets of developing 60 per cent of housing on brownfield land in the foreseeable future. About one-third of the land available is contained within Greater London, southeast and east of England; land here is also less likely to have restrictions on brownfield regeneration. |
| 650 ## - SUBJECT ADDED ENTRY--TOPICAL TERM | |
| Topical term or geographic name entry element | BROWNFIELD LAND |
| 650 ## - SUBJECT ADDED ENTRY--TOPICAL TERM | |
| Topical term or geographic name entry element | HOUSING TARGETS |
| 650 ## - SUBJECT ADDED ENTRY--TOPICAL TERM | |
| Topical term or geographic name entry element | SUSTAINABLE DEVELOPMENT |
| 690 ## - LOCAL SUBJECT ADDED ENTRY--TOPICAL TERM (OCLC, RLIN) | |
| Topical term or geographic name as entry element | REGENERATION |
| 856 ## - ELECTRONIC LOCATION AND ACCESS | |
| Uniform Resource Identifier | <a href="https://image.guardian.co.uk/sys-files/Society/documents/2003/11/06/brownfield.pdf">https://image.guardian.co.uk/sys-files/Society/documents/2003/11/06/brownfield.pdf</a> |
| Public note | View the report free of charge at http://image.guardian.co.uk |
| 942 ## - ADDED ENTRY ELEMENTS (KOHA) | |
| Suppress in OPAC | 0 |
| Withdrawn status | Lost status | Source of classification or shelving scheme | Damaged status | Not for loan | Home library | Current library | Shelving location | Date acquired | Total Checkouts | Full call number | Barcode | Date last seen | Copy number | Price effective from | Koha item type |
|---|---|---|---|---|---|---|---|---|---|---|---|---|---|---|---|
| Dewey Decimal Classification | Virtual | Virtual | Online | 13/01/2004 | ONLINE PUBLICATION | 124840-2001 | 06/08/2019 | 1 | 06/08/2019 | Book |